| 000 | 01151cam a22003377a 4500 | ||
|---|---|---|---|
| 003 | CHAP | ||
| 005 | 20220329134810.0 | ||
| 008 | 971013s1976 r 00010 d | ||
| 010 | _a26138 | ||
| 011 | _a27110 | ||
| 035 | _a31211 | ||
| 040 | _cCHAP | ||
| 082 |
_a575.1 _bB8 1976 |
||
| 100 | 0 | 0 |
_aBurns, George W. _916246 |
| 245 | 1 | 4 | _aThe science of genetics ; an introduction to heredity |
| 250 | _a3 ed. | ||
| 260 |
_aNew York : _bMacMillan, _c1976 |
||
| 300 |
_a564 p. _b: ilus. ; gráfs. |
||
| 590 |
_aBATCH-UPD _b10 _c20130110 _lUCH01 _h1816 |
||
| 590 |
_aBATCH-UPD _b10 _c20130410 _lUCH01 _h1150 |
||
| 590 |
_aBATCH-UPD _b10 _c20130914 _lUCH01 _h1534 |
||
| 590 |
_aCONVERSION _b10 _c20130109 _lUCH01 _h1315 |
||
| 650 | 1 | 4 |
_aGenética. _947469 |
| 650 | 1 | 4 |
_aHerencia. _953725 |
| 901 | _aBK | ||
| 942 | _cLIBRO | ||
| 949 |
_a575.1 B8 1976 _bBC _cLIBRO _d33724000479168 _eLIBRO _fc.2 _h50208 _i31211 _si |
||
| 949 |
_a575.1 B8 1976 _bBC _cLIBRO _d33724000479176 _eLIBRO _fc.4 _h50210 _i31211 _si |
||
| 949 |
_a575.1 B8 1976 _bBC _cLIBRO _d33724000479184 _eLIBRO _h50207 _i31211 _si |
||
| 949 |
_a575.1 B8 1976 _bBC _cLIBRO _d33724000479200 _eLIBRO _fc.3 _h50209 _i31211 _si |
||
| 999 |
_c26138 _d26138 |
||